00934nam a2200241 a 450000100100000000500170001000800410002702000180006804000250008608200200011110000400013124500600017126000400023130000200027159000260029150000700031750400730038765000290046065000310048991000370052095201180055799900170067500004111620240412074300.0130918s2010 dr 000 j spa d a9789945469240 aDO-SdBNPbspacBNPHU aRD863.44bC216c1 aCandelaria, Sélvidod1956-93444110aCincuenta cuentos cortísimos /cSélvido Candelaria. aSanto Domingo :bRumbo Este,c2010. a89 p. ;c23 cm. aInventariado, 2020/YL aIncluye datos biográficos del autor en la solapa de la cubierta aIncluye referencias bibliográficas y notas al pie de las páginas 0aCuentos dominicanos9176 0aLiteratura dominicana.967 aValidado. Control de calidaa MFF 0010718PDaPDbPDcHDd2013-09-18iLF1l0oRD863.44 C216cp41116-10r2020-06-25w2020-06-25yLFPDZNo se presta c40606d40606